| 000 | 00475nam a2200169Ia 4500 | ||
|---|---|---|---|
| 999 |
_c28089 _d28089 |
||
| 003 | OSt | ||
| 005 | 20210105105002.0 | ||
| 008 | 190216s9999||||xx |||||||||||||| ||und|| | ||
| 040 | _coclc | ||
| 082 |
_a894.812301 _bSRE/M |
||
| 100 |
_aSreedevi _98134 |
||
| 245 | 0 |
_aMaranamillathaval / _cSreedevi |
|
| 260 |
_bPoorna Publications, _aKozhikode: _c1997. |
||
| 300 | _a70p | ||
| 650 | _aKathakal | ||
| 942 |
_cBK _2ddc _h894.812301 _iSRE/M _k894.812301 _mSRE/M |
||